Solos en la noche. Zamudio y sus asesinos.

Gardado en:
Detalles Bibliográficos
Autor Principal: Fluxá Nebot, Rodrigo (autor)
Outros autores: Suzuki, José Joaquín (ayudante de investigación), Delbene, Oscar (colaborador), Contardo, Oscar (prólogo)
Formato: Libro
Publicado: Santiago, Chile: Catalonia; Ediciones Universidad Diego Portales; Escuela de Periodismo, 2023.
Edición:Cuarta edición.
Series:Colección Tal Cual.
Subjects:
Tags: Engadir etiqueta
Sen Etiquetas, Sexa o primeiro en etiquetar este rexistro!

MARC

LEADER 00000nam a22000007a 4500
003 CL-VaPUC
005 20250506122506.0
008 231212t2023 ||||| |||| 00| 0 eng d
999 |c 442708  |d 442706 
020 |a 978-956-324-283-6 
040 |c Pontificia Universidad Católica de Valparaíso 
082 0 4 |a 305.90664 FLU 2023  |2 21 
100 0 |a Fluxá Nebot, Rodrigo  |e autor  |9 591023 
245 1 0 |a Solos en la noche.  |b  Zamudio y sus asesinos. 
250 |a Cuarta edición. 
260 |a Santiago, Chile:   |b Catalonia;  |b Ediciones Universidad Diego Portales; Escuela de Periodismo,   |c 2023. 
300 |a 150 páginas. 
490 0 |a Colección Tal Cual. 
583 |a last modification  |c 20170309 22:28:00  |k GC 
650 0 |a Crímenes de odio  |9 255614  |y Chile 
650 7 |a Homofobia  |2 CL-VaPUC  |9 591024  |y Chile 
650 0 |a Derechos humanos  |9 313877  |y Chile 
650 0 |a Legislación antidiscriminación  |9 401043  |y Chile 
700 |a Suzuki, José Joaquín   |e ayudante de investigación   |9 886480 
700 |a Delbene, Oscar  |e colaborador  |9 886481 
700 |a Contardo, Oscar  |e prólogo  |9 886482 
942 |c BK  |2 ddc 
952 |0 0  |1 0  |2 ddc  |4 0  |6 305_906640000000000_FLU_2023  |7 0  |8 A  |9 592824  |a BIBCUR  |b BIBCUR  |c GEN  |d 2023-12-12  |e 3  |g 7883.75  |i 5659787  |o 305.90664 FLU 2023  |p 5659787  |r 2025-04-22  |t 4  |v 7883.75  |w 2023-12-12  |y BK  |k PER 
952 |0 0  |1 0  |2 ddc  |4 0  |6 305_906640000000000_FLU_2023  |7 0  |8 A  |9 592825  |a BIBCUR  |b BIBCUR  |c GEN  |d 2023-12-12  |e 3  |g 7883.75  |i 5659785  |o 305.90664 FLU 2023  |p 5659785  |r 2025-04-22  |t 2  |v 7883.75  |w 2023-12-12  |y BK  |k PER 
952 |0 0  |1 0  |2 ddc  |4 0  |6 305_906640000000000_FLU_2023  |7 0  |8 A  |9 592826  |a BIBCUR  |b BIBCUR  |c GEN  |d 2023-12-12  |e 3  |g 7883.75  |i 5659786  |l 1  |o 305.90664 FLU 2023  |p 5659786  |r 2025-04-22  |s 2025-04-04  |t 3  |v 7883.75  |w 2023-12-12  |y BK  |k PER 
952 |0 0  |1 0  |2 ddc  |4 0  |6 305_906640000000000_FLU_2023  |7 0  |8 A  |9 592827  |a BIBCUR  |b BIBCUR  |c GEN  |d 2023-12-12  |e 3  |g 7883.75  |i 5659784  |o 305.90664 FLU 2023  |p 5659784  |r 2025-04-22  |t 1  |v 7883.75  |w 2023-12-12  |y BK  |k PER